000 00459nam a2200169 4500
001 122626
003 ES-MaACL
005 20230906192019.0
007 t|
008 070214s1932 sp r ||||1| spa d
100 1 _aPuig, Juan Bautista.
_994233
245 1 3 _aEl bachillerato y la escuela única /
_cJuan B. Puig.
260 _aMadrid :
_bGalo Sèz,
_c1932.
300 _a22 p. ;
_c19 cm.
852 _aES-MaACL
_j1804-F-10
852 _aES-MaACL
_j1757-F-39
999 _c122626
_d122626